000 00713nam a22002177a 4500
999 _c1635
_d1635
003 AR-CdUCM
008 190227b ||||| |||| 00| 0 spa d
040 _aMUNICIPALIDAD PROVINCIAL DEL CUSCO
_cBIBLIOTECA MUNICIPAL DEL CUSCO
082 _a338.476 /
_bC92
100 _aCucho Dolmos, Hernán
_96099
245 _aLa fibra de alpaca y su comercialización en el Cusco /
260 _aLima :
_bs.n.,
_c2010.
300 _a52 páginas ;
_bilustraciones, diagramas ;
_c20 cm.
500 _zBibliográfía: p. 50-52
650 _aIndustria y comercio
_96100
650 _aFibras textiles
_96101
650 _aAspectos económicos
_9261
650 _aCusco
_9772
942 _2ddc
_cLIBROS
945 _araen
_d2019-02-27